Law on partnerships and private corporations for business students (Record no. 14841)

MARC details
000 -LEADER
fixed length control field 00728nam a22002177a 4500
003 - CONTROL NUMBER IDENTIFIER
control field URS
005 - DATE AND TIME OF LATEST TRANSACTION
control field 20221108085634.0
008 - FIXED-LENGTH DATA ELEMENTS--GENERAL INFORMATION
fixed length control field 171222b xxu||||| |||| 00| 0 eng d
040 ## - CATALOGING SOURCE
Transcribing agency URS
050 ## - LIBRARY OF CONGRESS CALL NUMBER
Classification number KF 5625.8 P2 S92 2009
100 ## - MAIN ENTRY--PERSONAL NAME
9 (RLIN) 2892
Personal name Suarez, Carlos B.
Relator term author
245 ## - TITLE STATEMENT
Title Law on partnerships and private corporations for business students
Statement of responsibility, etc. Carlos B. Suarez, Alexander Q. Suarez
260 ## - PUBLICATION, DISTRIBUTION, ETC.
Place of publication, distribution, etc. Manila
Name of publisher, distributor, etc. GIC Enterprises & Co., Inc.
Date of publication, distribution, etc. 2009
336 ## - CONTENT TYPE
Source rdacontent
Content type term text
Content type code txt
337 ## - MEDIA TYPE
Source rdamedia
Media type term unmediated
Media type code n
338 ## - CARRIER TYPE
Source rdacarrier
Carrier type term volume
Carrier type code nc
650 #0 - SUBJECT ADDED ENTRY--TOPICAL TERM
9 (RLIN) 1482
Topical term or geographic name entry element Partnership
Geographic subdivision Philippines
650 #0 - SUBJECT ADDED ENTRY--TOPICAL TERM
9 (RLIN) 1483
Topical term or geographic name entry element Corporation law
Geographic subdivision Philippines
700 ## - ADDED ENTRY--PERSONAL NAME
Personal name Suarez, Alexander Q.
9 (RLIN) 2894
Relator term author
942 ## - ADDED ENTRY ELEMENTS (KOHA)
Source of classification or shelving scheme Library of Congress Classification
Koha item type Filipiniana
Holdings
Withdrawn status Source of classification or shelving scheme Damaged status Not for loan Collection code Home library Current library Shelving location Date acquired Total Checkouts Full call number Barcode Date last seen Price effective from Koha item type
  Library of Congress Classification     Non-fiction Binangonan College Library Binangonan College Library Filipiniana Section 06/07/2023   KF 5625.8 P2 S92 2009 URSBIN-1748 12/22/2017 12/22/2017 Filipiniana

University of Rizal System
Email us at univlibservices@urs.edu.ph

Visit our Website www.urs.edu.ph/library